000 00744nam a2200217Ia 4500
008 160319s9999 xx 000 0 und d
245 3 _aAn Inconvenient truth :
245 _ba global warning /
260 _aHollywood, California :
260 _bParamount Classics, 
260 _c2006
300 _a1 DVD-video (100 min.) :
300 _bdigital, sound, color ;
300 _c4 3/4 in.
650 _aEnvironmental policy -- United States.
650 _aEnvironmental protection -- United States.
650 _aGlobal warming -- Government policy -- United States.
650 _aGreenhouse effect, Atmospheric -- Government policy -- United States.
650 _aGreenhouse effect, Atmospheric.
650 _xHuman ecology.
999 _c292507
_d292507